000 00360nam a22001457a 4500
003 OSt
005 20160727222346.0
008 160621b xxu||||| |||| 00| 0 eng d
040 _cTEST
100 _9258
_aHollands, R
245 _aLet's Solve The Problems
260 _aOxford Basil Blackwell ltd.
_c1986
300 _aLet's Solve The Problems
942 _2ddc
_cBK
999 _c206
_d206